00380 2200157 4500245004800000020002200048250001100070100001900081650001600100005001900116260004100135041001400176084000800190300001500198336000900213 aCatatan tentang HujancAnindya FristahText a978-602-04-5687-4 aCet. 1 aAnindya Frista aNovel Fiksi a20230110144304 aJakartabElex Media Komputindoc2018 aIndonesia a813 a426 hlm. : atext